Feature: planning green paper (Record no. 70093)

MARC details
000 -LEADER
fixed length control field 01995cam a2200253 4500
001 - CONTROL NUMBER
control field ABS65425
008 - FIXED-LENGTH DATA ELEMENTS--GENERAL INFORMATION
fixed length control field 020426n2002 000 0 eng u
035 ## - SYSTEM CONTROL NUMBER
System control number (Sirsi) u117709
245 ## - TITLE STATEMENT
Title Feature: planning green paper
260 ## - PUBLICATION, DISTRIBUTION, ETC.
Date of publication, distribution, etc. 2002
490 ## - SERIES STATEMENT
Series statement Town & Country Planning
Volume/sequential designation 72(3) March 2002, 82-91(10)
520 ## - SUMMARY, ETC.
Summary, etc. Series of articles addressing different aspects of the planning green paper. "Participation: delivering a fundamental change" considers the prospects for a democratic participatory planning system and suggests a new approach to make the planning process interactive. "Continuing role for the counties?" examines the planning green paper's proposals at the national, regional and strategic levels, questioning whether some of the solutions are viable. "Sub-regional planning case remains overwhelming" argues that improved speed and efficiency will not be met by removing all the strategic content of planning to a regional tier and relying on a new system of district-wide plans. "Picturing perfect blue skies" emphasises government's role in tackling policies outside planning to ensure the planning green paper's potential is fulfilled. "Planning obligations and delivering sustainable development" investigates the proposed reform of planning obligations. "Green light" argues that the planning green paper's objectives may fail because there are no mechanisms to back them up. "As essential as compulsory education" welcomes the thrust of the planning green paper and suggests that the legal/bureaucratic framework for implementing reform needs to be revised to remove the last obstacle.
590 ## - LOCAL NOTE (RLIN)
Local note ABS
650 ## - SUBJECT ADDED ENTRY--TOPICAL TERM
Topical term or geographic name entry element PLANNING SYSTEM
650 ## - SUBJECT ADDED ENTRY--TOPICAL TERM
Topical term or geographic name entry element PLANNING REFORM
650 ## - SUBJECT ADDED ENTRY--TOPICAL TERM
Topical term or geographic name entry element PLANNING OBLIGATIONS
650 ## - SUBJECT ADDED ENTRY--TOPICAL TERM
Topical term or geographic name entry element PARTICIPATION
650 ## - SUBJECT ADDED ENTRY--TOPICAL TERM
Topical term or geographic name entry element SUSTAINABLE DEVELOPMENT
650 ## - SUBJECT ADDED ENTRY--TOPICAL TERM
Topical term or geographic name entry element REGIONAL PLANS
650 ## - SUBJECT ADDED ENTRY--TOPICAL TERM
Topical term or geographic name entry element STRUCTURE PLANS
650 ## - SUBJECT ADDED ENTRY--TOPICAL TERM
Topical term or geographic name entry element STRATEGIC PLANNING
690 ## - LOCAL SUBJECT ADDED ENTRY--TOPICAL TERM (OCLC, RLIN)
Topical term or geographic name as entry element ENVIRONMENTAL AND LAND CONSULTANCY-PLANNING AND DEVELOPMENT
942 ## - ADDED ENTRY ELEMENTS (KOHA)
Suppress in OPAC 0
Holdings
Withdrawn status Lost status Source of classification or shelving scheme Damaged status Not for loan Home library Current library Shelving location Date acquired Total Checkouts Full call number Barcode Date last seen Copy number Price effective from Koha item type
    Dewey Decimal Classification     London London Journal article 26/04/2002   ABS65425 117709-1001 06/08/2019 1 06/08/2019 Journal article